| 000 | 02209nam a22002657a 4500 | ||
|---|---|---|---|
| 003 | OSt | ||
| 005 | 20210215152655.0 | ||
| 008 | 210215s2014 cl ad||gr|||| 00| 0 spa d | ||
| 040 |
_aCO-JMCR _cCO-JMCR |
||
| 041 | 0 | _aspa | |
| 082 | 0 | 4 |
_a338.985 / _bI431h _223 |
| 100 | 1 |
_aInfante, Ricardo, _eeditor _913458 |
|
| 245 | 1 | 0 |
_aHacia un desarrollo inclusivo : _bel caso del Perú / _cRicardo Infante y Juan Chacaltana editores |
| 260 |
_aSantiago de Chile : _bCEPAL : OIT, _c2014 |
||
| 300 |
_a391 páginas : _bilustraciones y gráficos a blanco y negro ; _c23 cm. |
||
| 500 | _aIncluye notas a pie de página. | ||
| 504 | _aBibliografía al final de cada capítulo. | ||
| 505 | 0 | _aHeterogeneidad estructural y articulación productiva en el Perú: evolución y estrategia -- Aspectos estructurales del desempeño macroeconómico del Perú. Situación actual, perspectivas y políticas -- Formalización empresarial y laboral -- Pisos de protección social en el Perú: evaluación y políticas | |
| 520 | 3 | _aEste libro es producto de una iniciativa de la Comisión Económica para América Latina y el Caribe (CEPAL) y la Organización Internacional del Trabajo (OIT), destinada a contribuir al fortalecimiento del marco analítico y el debate en torno al diseño de una estrategia de desarrollo inclusivo en el Perú, así como a apoyar la formulación de políticas que impulsen la convergencia productiva, el crecimiento económico para la igualdad y la justicia social. Se trata de adoptar una estrategia renovada, con un crecimiento económico basado en una menor heterogeneidad estructural y más desarrollo productivo, cuyo dinamismo tenga efectos positivos sobre el empleo, la distribución del ingreso y la inclusión social. En este contexto, las propuestas de la CEPAL -desarrollo con igualdad-, de la OIT - pleno empleo y trabajo decente para todos- y del gobierno del Perú -no solo crecer para incluir, sino también incluir para seguir creciendo- cobran especial relevancia. | |
| 650 | 1 | 4 |
_aDesarrollo social _zPerú _913459 |
| 650 | 1 | 4 |
_aDesarrollo económico _zPerú _913460 |
| 650 | 1 | 4 |
_aGestión pública _zPerú _913461 |
| 700 | 1 |
_aChacaltana, Juan, _eeditor _913462 |
|
| 942 |
_2ddc _cBK |
||
| 999 |
_c7186 _d7186 |
||